000 01050nam0a22002531i 4500
001 rc\853473
005 20240726063212.0
035 _a(NLR Aleph) 006033856
090 _a7556608
_c7556608
100 _a20041129d1984 u |0rusy50 ca
101 0 _arus
102 _aRU
105 _ay |||||||||
200 1 _aРазработка блока комплекса отраслей легкой промышленности в натурально-стоимостных межотраслевых балансах союзной республики
_eНа прим. МССР
_eАвтореф. дис. на соиск. учен. степ. к. э. н.
210 _aМ.
_d1984
215 _a17 с.
300 _aВ надзаг.: АН СССР, Центр. экон.-мат. ин-т
320 _aСписок работ авт.: с. 16-17
333 _aДСП. Экз. № 000004
700 1 _aПетрушин
_bО.П.
_gОлег Петрович
801 0 _aRU
_bNLR
_gpsbo
801 1 _aRU
_bELAR
_2rusmarc
852 _aNLR
_j84-50К/6112
942 _cBOOK